000
00300nam a22001337a 4500
008
171003b xxu||||| |||| 00| 0 eng d
020
_a
9780070871151
041
_a
eng
080
_a
159.9
100
_a
48
101
_a
PSI
245
_a
UNDERSTANDING HUMAN SEXUALITY
_c
HYDE,J.SH
942
_2
udc
_c
BK
999
_c
31417
_d
31417